Documentary /

Bibliographic Details
Main Author: Saunders, Dave
Format: Book
Language:English
Published: London ; New York : Routledge, 2010.
Series:Routledge film guidebooks.
Subjects:

MARC

Tag First Indicator Second Indicator Subfields
LEADER 00000cam a2200000 a 4500
001 in00002575984
005 20151201153316.0
008 091027s2010 enka bq 001 0 eng
010 |a  2009043661 
020 |a 9780415473095 (hbk.) 
020 |a 0415473098 (hbk.) 
020 |a 9780415473101 (pbk.) 
020 |a 0415473101 (pbk.) 
020 |a 9780203852682 (ebk.) 
020 |a 0203852680 (ebk.) 
035 |a (OCoLC)ocn369141768 
040 |a DLC  |c DLC  |d TXA  |d UtOrBLW 
049 |a TXAM 
050 0 0 |a PN1995.9.D6  |b S28 2010 
082 0 0 |a 070.1/8  |2 22 
100 1 |a Saunders, Dave. 
245 1 0 |a Documentary /  |c Dave Saunders. 
264 1 |a London ;  |a New York :  |b Routledge,  |c 2010. 
300 |a viii, 274 pages :  |b illustrations ;  |c 21 cm. 
336 |a text  |b txt  |2 rdacontent 
337 |a unmediated  |b n  |2 rdamedia 
338 |a volume  |b nc  |2 rdacarrier 
490 1 |a Routledge film guidebooks 
504 |a Filmography: pages [240]-244. 
504 |a Includes bibliographical references (pages [245]-256) and index. 
505 0 |a A troubled and difficult art : a brief introduction to non-fiction film. The D word: definitions, obligations and functions -- Major trends, movements and voices -- Reading non-fiction : case studies, concepts and criticism. Pioneers : Nanook of the North (1922) : narrativising the real, The man with the movie camera (1929) : montage and ideology, Night mail (1936) : the poetics and politics of class -- Bards : Night and fog (1955) : articulating the unspeakable, My Winnipeg (2006) : a city of the mind, Waltz with Bashir (2008) : conflict and memory -- Performers : Tarnation (2003) : performance and autobiography, Sicko (2007) : Michael Moore, documentary superstar, Say my name (2009), Anvil : the story of Anvil (2009) : rockumentary revivals -- Conclusion : new challenges, territories and directions. 
650 0 |a Documentary films  |x History and criticism. 
830 0 |a Routledge film guidebooks. 
945 |a PromptCat 
948 |a cataloged  |b h  |c 2010/7/30  |d c  |e dmitchel  |f 8:00:00 am 
994 |a C0  |b TXA 
999 |a MARS 
999 f f |s e77e84fc-c2c8-320b-8761-1654a60236e8  |i 587795a3-40f7-34eb-bb3a-2558d4002a02  |t 0 
952 f f |p normal  |a Texas A&M University  |b College Station  |c Sterling C. Evans Library  |d Evans: Library Stacks  |t 0  |e PN1995.9.D6 S28 2010  |h Library of Congress classification  |i unmediated -- volume  |m A14840190533 
998 f f |a PN1995.9.D6 S28 2010  |t 0  |l Evans: Library Stacks